000 00303nam a2200109Ia 4500
008 190907s9999||||xx |||||||||||||| ||und||
100 _aChrissis, Mary Beth
245 0 _aCMMI:Guidelines for Process Integration and product Improvement
260 _aAsia
_bMcGraw-Hill
_c2003
300 _a663
942 _cBK
999 _c6416
_d6416